Khải yếu châm cứu học Trung Quốc

Na minha lista:
Detalhes bibliográficos
Formato: Livro
Idioma:Undetermined
Publicado em: Hà Nội Y Học 2000
Assuntos:
Tags: Adicionar Tag
Sem tags, seja o primeiro a adicionar uma tag!
Thư viện lưu trữ: Trung tâm Học liệu Trường Đại học Cần Thơ
LEADER 00480nam a2200169Ia 4500
001 CTU_36360
008 210402s9999 xx 000 0 und d
020 |b 75.000đ 
082 |a 615.892 
082 |b Kh103 
245 0 |a Khải yếu châm cứu học Trung Quốc 
260 |a Hà Nội 
260 |b Y Học 
260 |c 2000 
650 |a acupuncture,folk medicine,therapeutics 
904 |i Minh, 000425 
980 |a Trung tâm Học liệu Trường Đại học Cần Thơ